000
00258nam a22000857a 4500
008
160715b xxu||||| |||| 00| 0 eng d
100
_9
2906
_a
Clark, D., et al
245
_a
Puppies for Sale and Other Inspirational Tales
260
_a
Florida
_b
Health Com.Inc.
_c
1997
999
_c
2471
_d
2471